000 00542nam a2200205Ia 4500
001 7559
003 IVS
005 20250626025216.0
008 211022s9999 xx 000 0 und d
040 _cIVS
082 _a700 ZAR
100 _aZarmeena Shah
245 0 _aMyth and religion in European, Islamic and Hindu art
260 _aKarachi
260 _bIndus Valley School
260 _c2003
300 _av. p.
856 _uhttps://drive.google.com/file/d/1yjs4HjyTd_Dk-Ig6_S4gk5BGHqQlEG1F/view?usp=sharing
942 _cDISS
_2ddc
_n0
999 _c3885
_d3885